Central Library OPAC University of Rajshahi

The golden treasury of Scottish poetry / (Record no. 17927)

MARC details
000 -LEADER
fixed length control field 00756nam a22002292 4500
001 - CONTROL NUMBER
control field 17927
003 - CONTROL NUMBER IDENTIFIER
rucl marc code BD-RjUL
005 - DATE AND TIME OF LATEST TRANSACTION
control field 20211209000219.0
008 - FIXED-LENGTH DATA ELEMENTS--GENERAL INFORMATION
fixed length control field 140219r19481940enk 001 0 eng d
035 ## - SYSTEM CONTROL NUMBER
System control number OCLC ocm09177369 from D961022M
-- (BD-RjUL)17985
040 ## - CATALOGING SOURCE
Original cataloging agency New York. Public library
Transcribing agency SOI
Modifying agency SOI
-- EQO
-- BD-RjUL
Language of cataloging eng
041 ## - LANGUAGE CODE
Language code of text/sound track or separate title eng
082 ## - DEWEY DECIMAL CLASSIFICATION NUMBER
Classification number 821.08
Author mark and year GOL 1948
245 14 - TITLE STATEMENT
Title The golden treasury of Scottish poetry /
Statement of responsibility, etc. selected and edited by Hugh MacDiarmid [pseud.]
260 ## - PUBLICATION, DISTRIBUTION, ETC. (IMPRINT)
Place of publication, distribution, etc. London :
Name of publisher, distributor, etc. Macmillan & co. ltd.,
Date of publication, distribution, etc. 1940 [reprinted 1948]
300 ## - PHYSICAL DESCRIPTION
Pagination xli, 415 p. :
Size 18 cm.
650 #0 - SUBJECT ADDED ENTRY--TOPICAL TERM
Topical term or geographic name as entry element Poetry
Form subdivision Collections.
9 (RLIN) 55181
Topical term or geographic name as entry element English poetry
General subdivision Scottish authors.
9 (RLIN) 55302
942 ## - ADDED ENTRY ELEMENTS (KOHA)
Source of classification or shelving scheme Dewey Decimal Classification
Koha item type Books
Holdings
Lost status Source of classification or shelving scheme Damaged status Not for loan Collection code Permanent Location Current Location Shelving location Date acquired Source of acquisition Cost, normal purchase price Total Checkouts Full call number Date last seen Copy number Koha item type
  Dewey Decimal Classification   Not For Loan Non-fiction Central Library, University of Rajshahi Central Library, University of Rajshahi Reading Room 28/04/1964 Zeitlinger 8.60   821.08 GOL 1948 19/02/2014 C-1 Books
  Dewey Decimal Classification     Non-fiction Central Library, University of Rajshahi Central Library, University of Rajshahi   25/10/1965 Blackwell 4.60   821.08 GOL 1948 14/01/2020 C-2 Books